000 00299nam a2200121Ia 4500
008 191201s2008 xx 000 0 und d
100 _aKELLEY, David S
245 0 _aPro/ENGINEER Wildfire 3.0 Instructor
260 _aN. Delhi
_bTMH
_c2008
300 _a554
650 _aM.Tech(CSE)
942 _2ddc
_cBK
999 _c6185
_d6185